[Event "AUTO-MASTER-2409"]
[Site "http://www.queenalice.com/game.php?id=1401740"]
[Date "2016.1.1"]
[Round "1"]
[White "decoxadrez"]
[Black "CCapivara"]
[Result "1-0"]
[WhiteElo "1995"]
[BlackElo "2173"]

1. e4 d6 2. d4 Nf6 3. Nc3 c6 4. f4 Qa5 5. Bd3 e5 6. Nf3 Bg4 7. Be3 Nbd7 8. O-O
Be7 9. h3 Bxf3 10. Qxf3 O-O-O 11. a3 Rhg8 12. b4 Qc7 13. d5 cxd5 14. Nxd5 Nxd5
15. exd5 Kb8 16. c4 Bf6 17. c5 dxc5 18. bxc5 Nxc5 19. Rac1 b6 20. Bxc5 bxc5 21.
Rb1+ Kc8 22. Ba6+ 1-0

[Event "AUTO-MASTER-2409"]
[Site "http://www.queenalice.com/game.php?id=1401759"]
[Date "2016.1.1"]
[Round "1"]
[White "decoxadrez"]
[Black "reycas"]
[Result "0-1"]
[WhiteElo "2001"]
[BlackElo "2103"]

1. e4 Nf6 2. e5 Nd5 3. d4 d6 4. Nf3 g6 5. Bc4 c6 6. O-O Bg7 7. exd6 Qxd6 8. Re1
O-O 9. h3 b5 10. Bb3 h6 11. c3 a5 12. a4 Bb7 13. Nbd2 e6 14. Ne4 Qe7 15. Qe2 Ba6
16. c4 bxc4 17. Bxc4 Qb4 18. Bxa6 Nxa6 19. Rd1 c5 20. Nxc5 Nxc5 21. dxc5 Qxc5
22. Rb1 Qb4 23. Qb5 Rab8 24. Qxb4 Rxb4 25. b3 Rfb8 26. Bd2 Bc3 27. Bxh6 Rxb3 28.
Rxb3 Rxb3 29. Bd2 Ra3 30. Bxc3 Rxc3 31. Rb1 Nb4 32. Nd4 Ra3 33. Nb3 Rxa4 34.
Nxa5 Nd3 35. Rd1 Nxf2 36. Kxf2 Rxa5 37. Kf3 Kg7 38. Rd4 f5 39. h4 e5 40. Rb4
Ra3+ 41. Kf2 f4 42. Rb6 Kh6 43. Rb8 Kh5 44. Re8 Re3 45. g3 Rxg3 0-1

[Event "AUTO-MASTER-2409"]
[Site "http://www.queenalice.com/game.php?id=1401760"]
[Date "2016.1.1"]
[Round "1"]
[White "reycas"]
[Black "decoxadrez"]
[Result "1-0"]
[WhiteElo "2196"]
[BlackElo "2003"]

1. e4 c5 2. f4 Nc6 3. Nf3 e6 4. Bb5 Nge7 5. c4 a6 6. Ba4 g6 7. d4 Qa5+ 8. Bd2
Qb6 9. Bc3 Bg7 10. d5 Bxc3+ 11. Nxc3 Nd8 12. Rb1 O-O 13. h4 exd5 14. exd5 d6 15.
h5 Bf5 16. Bc2 Re8 17. Kf2 Qc7 18. Ng5 Kg7 19. g4 Bxc2 20. Qxc2 f6 21. hxg6 1-0

[Event "AUTO-OPEN-3568"]
[Site "http://www.queenalice.com/game.php?id=1408547"]
[Date "2016.2.10"]
[Round "2"]
[White "decoxadrez"]
[Black "Suso71"]
[Result "0-1"]
[WhiteElo "1990"]
[BlackElo "2781"]

1. e4 c5 2. Nf3 d6 3. d4 cxd4 4. Nxd4 Nf6 5. Nc3 Nc6 6. Bc4 e6 7. Be3 Qc7 8. Qe2
Be7 9. O-O-O O-O 10. Bb3 Nxd4 11. Bxd4 a6 12. Rhg1 b5 13. g4 Nd7 14. g5 Nc5 15.
f4 Bd7 16. h4 b4 17. Bxc5 dxc5 18. h5 bxc3 0-1

[Event "AUTO-OPEN-3568"]
[Site "http://www.queenalice.com/game.php?id=1408548"]
[Date "2016.2.10"]
[Round "2"]
[White "Suso71"]
[Black "decoxadrez"]
[Result "1-0"]
[WhiteElo "2779"]
[BlackElo "1998"]

1. e4 e5 2. Nf3 Nc6 3. Bb5 a6 4. Ba4 Nf6 5. O-O Be7 6. Bxc6 dxc6 7. Nc3 O-O 8.
Nxe5 Bc5 9. Nf3 Bg4 10. h3 Bh5 11. d3 Nd7 12. g4 Bg6 13. Ne2 f6 14. Nfd4 Qe7 15.
b3 Ne5 16. f4 Bxd4+ 17. Nxd4 Rad8 18. Nf5 1-0

[Event "AUTO-OPEN-3568"]
[Site "http://www.queenalice.com/game.php?id=1408549"]
[Date "2016.2.10"]
[Round "2"]
[White "decoxadrez"]
[Black "Gera"]
[Result "1-0"]
[WhiteElo "1960"]
[BlackElo "2081"]

1. e4 e5 2. Nf3 d6 3. d4 exd4 4. Nxd4 Be7 5. Nc3 Nf6 6. Be2 O-O 7. O-O b6 8. f4
Bb7 9. Bf3 Nbd7 10. Nf5 Nc5 11. Re1 a5 12. a3 Re8 13. e5 Bxf3 14. Qxf3 dxe5 15.
fxe5 Nfd7 16. Qg3 Ne6 17. Nd5 Bf8 18. Nh6+ Kh8 19. Nxf7+ Kg8 20. Nxd8 Raxd8 21.
Bg5 Nxg5 22. Qxg5 Bc5+ 23. Kh1 c6 24. Nf6+ Nxf6 25. exf6 Rxe1+ 26. Rxe1 Rd7 27.
h4 Rf7 28. Re8+ Bf8 29. fxg7 Rxg7 30. Qf6 Rf7 31. Qxc6 Kg7 32. Qxb6 Rf6 33.
Qxf6+ Kxf6 34. Rxf8+ 1-0

[Event "AUTO-OPEN-3568"]
[Site "http://www.queenalice.com/game.php?id=1408550"]
[Date "2016.2.10"]
[Round "2"]
[White "Gera"]
[Black "decoxadrez"]
[Result "1-0"]
[WhiteElo "2094"]
[BlackElo "1988"]

1. c4 Nf6 2. d4 g6 3. Nc3 Bg7 4. e4 d6 5. Nf3 O-O 6. Be2 e5 7. O-O Nc6 8. h3
exd4 9. Nxd4 Nxe4 10. Nxc6 Nxc3 11. bxc3 bxc6 12. Qc2 Bf5 13. Bd3 Bxd3 14. Qxd3
Rb8 15. Be3 c5 16. Rfd1 Qd7 17. Bxc5 Qc6 18. Bxa7 Ra8 19. Bd4 Rfe8 20. Rdb1 Re6
21. Rb2 Rae8 22. Rab1 Bxd4 23. cxd4 Qe4 24. Qc3 Qf5 25. Rb8 h5 26. a4 Kf8 27. d5
Re2 28. Qh8+ 1-0

[Event "AUTO-MASTER-2432"]
[Site "http://www.queenalice.com/game.php?id=1410557"]
[Date "2016.2.22"]
[Round "1"]
[White "decoxadrez"]
[Black "Hupp"]
[Result "0-1"]
[WhiteElo "1968"]
[BlackElo "2171"]

1. e4 d6 2. d4 c6 3. Nc3 Nf6 4. Nf3 Qc7 5. h3 e5 6. a4 Be7 7. Bc4 O-O 8. O-O
Nbd7 9. Re1 a5 10. Bg5 Re8 11. Qd2 Nf8 12. Qe3 Ng6 13. Rad1 h6 14. Bh4 Nxh4 15.
Nxh4 d5 16. exd5 Nxd5 17. Bxd5 cxd5 0-1

[Event "AUTO-MASTER-2432"]
[Site "http://www.queenalice.com/game.php?id=1410558"]
[Date "2016.2.22"]
[Round "1"]
[White "Hupp"]
[Black "decoxadrez"]
[Result "1-0"]
[WhiteElo "2165"]
[BlackElo "1976"]

1. e4 e5 2. d3 Nf6 3. Nd2 d5 4. Ngf3 Nc6 5. Be2 Bc5 6. O-O O-O 7. c3 dxe4 8.
dxe4 Bg4 9. Qc2 Qe7 10. b4 Bb6 11. a4 a6 12. Nc4 Ba7 13. Ba3 Nd8 14. Ne3 Bh5 15.
Nf5 Qe6 16. Ng5 Qc8 17. Ne7+ 1-0

[Event "AUTO-MASTER-2432"]
[Site "http://www.queenalice.com/game.php?id=1410559"]
[Date "2016.2.22"]
[Round "1"]
[White "decoxadrez"]
[Black "Rachman"]
[Result "0-1"]
[WhiteElo "2006"]
[BlackElo "2211"]

1. e4 e6 2. d4 d5 3. e5 c5 4. c3 Qb6 5. Nf3 Nc6 6. a3 Nh6 7. b4 cxd4 8. cxd4 Nf5
9. Bb2 Bd7 10. Be2 h5 11. h4 Be7 12. g3 Rc8 13. O-O a5 14. bxa5 Qxb2 0-1

[Event "AUTO-MASTER-2432"]
[Site "http://www.queenalice.com/game.php?id=1410560"]
[Date "2016.2.22"]
[Round "1"]
[White "Rachman"]
[Black "decoxadrez"]
[Result "1-0"]
[WhiteElo "2258"]
[BlackElo "1996"]

1. c4 Nf6 2. g3 c6 3. Bg2 g6 4. Nf3 Bg7 5. Nc3 O-O 6. O-O d6 7. d4 Qa5 8. Bd2
Qh5 9. Bg5 Bg4 10. Qd2 Nbd7 11. Nh4 e5 12. h3 h6 13. Bxf6 Nxf6 14. hxg4 Qxg4 15.
d5 Qxc4 16. dxc6 bxc6 17. Qxd6 Rac8 18. Qxe5 Ne4 19. Qxe4 Qxe4 20. Bxe4 1-0

[Event "AUTO-MASTER-2432"]
[Site "http://www.queenalice.com/game.php?id=1410561"]
[Date "2016.2.22"]
[Round "1"]
[White "decoxadrez"]
[Black "franz_ferdinand"]
[Result "1-0"]
[WhiteElo "1998"]
[BlackElo "1794"]

1. e4 e5 2. Nf3 Nc6 3. Bb5 a6 4. Ba4 Nf6 5. d3 Bc5 6. O-O O-O 7. Bg5 d6 8. h3 h6
9. Bh4 Be6 10. c3 Ne7 11. Bxf6 gxf6 12. d4 Bb6 13. Nbd2 Ng6 14. dxe5 1-0

[Event "AUTO-MASTER-2432"]
[Site "http://www.queenalice.com/game.php?id=1410562"]
[Date "2016.2.22"]
[Round "1"]
[White "franz_ferdinand"]
[Black "decoxadrez"]
[Result "0-1"]
[WhiteElo "1803"]
[BlackElo "1989"]

1. e4 e5 2. Nf3 Nc6 3. Bb5 a6 4. Ba4 Nf6 5. O-O b5 6. Bb3 Be7 7. Re1 O-O 8. c3
d6 9. d4 Bg4 10. d5 Na5 11. Bc2 c5 12. Nbd2 c4 13. h3 Bd7 14. Nf1 Nb7 0-1

[Event "AUTO-OPEN-3547"]
[Site "http://www.queenalice.com/game.php?id=1426475"]
[Date "2016.6.5"]
[Round "2"]
[White "kilmison"]
[Black "decoxadrez"]
[Result "0-1"]
[WhiteElo "2103"]
[BlackElo "1981"]

1. e4 e5 2. Nf3 Nc6 3. Nc3 Nf6 4. Bb5 a6 5. Bxc6 dxc6 6. d3 Bd6 7. O-O h6 8. Be3
Bg4 9. h3 Bh5 10. a3 O-O 11. Nb1 c5 12. Nc3 c6 13. Na4 b6 14. Qd2 Qc7 15. Nh4
Nd7 16. Nf5 Bg6 17. Nxd6 Qxd6 18. f4 f5 19. fxe5 Qxe5 20. Bf4 Qd4+ 21. Kh1 Qxa4
22. Qc3 Qd4 0-1

[Event "AUTO-OPEN-3547"]
[Site "http://www.queenalice.com/game.php?id=1426476"]
[Date "2016.6.5"]
[Round "2"]
[White "decoxadrez"]
[Black "kilmison"]
[Result "0-1"]
[WhiteElo "2002"]
[BlackElo "2086"]

1. e4 e5 2. Nf3 Nc6 3. Bb5 a6 4. Ba4 d6 5. d4 exd4 6. Nxd4 Bd7 7. O-O Nf6 8. c3
Be7 9. Be3 O-O 10. Nd2 b5 11. Bb3 Na5 12. Bc2 Bc8 13. Qe2 Bb7 14. Nf5 Re8 15.
Qf3 Nc4 16. Nxc4 bxc4 17. Rad1 Bf8 18. Rfe1 Bxe4 19. Bxe4 Nxe4 20. Bd4 Nf6 21.
Rxe8 Nxe8 22. Qg3 g6 23. h4 Bg7 24. Nxg7 Nxg7 25. Qf3 Nf5 26. h5 Nxd4 27. Rxd4
Rb8 28. hxg6 hxg6 29. Qe2 d5 30. Qd2 c6 31. Qh6 Qf6 32. Qd2 Qf5 33. Rh4 Qf6 34.
Qh6 Qg7 35. Qd2 a5 36. a3 Rd8 37. Rd4 Qe5 38. Qh6 Qe1+ 39. Kh2 Qxf2 40. Rh4 Qf6
41. Qh7+ Kf8 42. Qh6+ Ke7 43. Qe3+ Kd6 44. Rh3 Qe5+ 45. Qxe5+ Kxe5 46. Re3+ Kd6
47. Kg3 Rd7 48. Kf3 Re7 49. g4 g5 50. Kf2 Rxe3 51. Kxe3 Ke5 52. Kf3 c5 53. Ke3
d4+ 0-1

[Event "AUTO-OPEN-3547"]
[Site "http://www.queenalice.com/game.php?id=1426487"]
[Date "2016.6.5"]
[Round "2"]
[White "decoxadrez"]
[Black "colombHouse"]
[Result "0-1"]
[WhiteElo "1993"]
[BlackElo "2432"]

1. e4 c5 2. Nf3 Nc6 3. d4 cxd4 4. Nxd4 e5 5. Nb5 d6 6. N1c3 a6 7. Na3 b5 8. Nd5
Nf6 9. Bg5 Be7 10. Nxe7 Qxe7 11. c4 O-O 12. cxb5 Nd4 13. Bd3 Ne6 14. Bh4 g5 15.
Bg3 Nc5 0-1

[Event "AUTO-OPEN-3547"]
[Site "http://www.queenalice.com/game.php?id=1426488"]
[Date "2016.6.5"]
[Round "2"]
[White "colombHouse"]
[Black "decoxadrez"]
[Result "1-0"]
[WhiteElo "2436"]
[BlackElo "2016"]

1. d4 d5 2. Bf4 Nf6 3. e3 e6 4. Nf3 Nc6 5. Nc3 a6 6. Bd3 Bd6 7. Ne5 O-O 8. Qf3
Nb4 9. O-O Nxd3 10. cxd3 c5 11. dxc5 Bxc5 12. Rac1 Qe7 13. Bg5 Bd6 14. Ng4 Kh8
15. Nxf6 1-0

[Event "AUTO-OPEN-3547"]
[Site "http://www.queenalice.com/game.php?id=1426489"]
[Date "2016.6.5"]
[Round "2"]
[White "decoxadrez"]
[Black "franz_ferdinand"]
[Result "1/2-1/2"]
[WhiteElo "2023"]
[BlackElo "2086"]

1. e4 e5 2. Nf3 Nc6 3. Bb5 a6 4. Ba4 Nf6 5. O-O Be7 6. Re1 b5 7. Bb3 O-O 8. c3
d5 9. d3 Bg4 10. Nbd2 Na5 11. Bc2 dxe4 12. dxe4 c5 13. b3 Qc7 14. Nf1 Rfd8 15.
Qe2 Nc6 16. h3 Bh5 17. Ng3 Bg6 18. Bb2 b4 19. Rad1 bxc3 20. Bxc3 Nd4 21. Nxd4
cxd4 22. Bb2 Rac8 23. Rc1 Qb6 24. Bd3 a5 25. Rc4 Rxc4 26. Bxc4 Rc8 27. Qd3 a4
28. Re2 axb3 29. axb3 Bb4 30. Bc1 Nd7 31. Qf3 Qf6 32. Bd2 Bxd2 33. Rxd2 Nb6
1/2-1/2

[Event "AUTO-OPEN-3547"]
[Site "http://www.queenalice.com/game.php?id=1426490"]
[Date "2016.6.5"]
[Round "2"]
[White "franz_ferdinand"]
[Black "decoxadrez"]
[Result "0-1"]
[WhiteElo "2130"]
[BlackElo "2002"]

1. e4 e5 2. Nf3 Nc6 3. Bb5 a6 4. Ba4 Nf6 5. O-O b5 6. Bb3 d6 7. d4 Be7 8. Nc3
O-O 9. Bg5 Bg4 10. d5 Nd4 11. Bxf6 Bxf6 12. Qd3 Nxf3+ 13. gxf3 Bh3 14. Rfe1 Be7
15. Ne2 f5 16. c4 Qe8 17. Ng3 f4 18. Nf5 Qg6+ 19. Ng3 fxg3 20. fxg3 Bd7 21. Rf1
Bh3 22. Rf2 bxc4 23. Qxc4 Bh4 24. Qxc7 Bxg3 0-1

[Event "AUTO-ADV-3531"]
[Site "http://www.queenalice.com/game.php?id=1431366"]
[Date "2016.7.12"]
[Round "2"]
[White "Herivelto"]
[Black "decoxadrez"]
[Result "1-0"]
[WhiteElo "2188"]
[BlackElo "2026"]

1. e4 c5 2. Nf3 Nc6 3. c3 d5 4. e5 e6 5. d4 Qb6 6. a3 Nh6 7. b4 cxb4 8. axb4 a5
9. Bxh6 gxh6 10. Bd3 Ra7 11. b5 Ne7 12. Nbd2 Bd7 13. c4 dxc4 14. Nxc4 1-0

[Event "AUTO-ADV-3531"]
[Site "http://www.queenalice.com/game.php?id=1431367"]
[Date "2016.7.12"]
[Round "2"]
[White "decoxadrez"]
[Black "Herivelto"]
[Result "0-1"]
[WhiteElo "1989"]
[BlackElo "2217"]

1. e4 c5 2. Nf3 d6 3. d4 cxd4 4. Nxd4 Nc6 5. Nc3 Nf6 6. Bg5 Bd7 7. Qd2 h6 8.
Bxf6 gxf6 9. O-O-O Nxd4 10. Qxd4 Qa5 11. Kb1 Rc8 12. f4 Rg8 13. g3 f5 14. Nd5
Qa4 15. Qxa4 Bxa4 16. Bd3 Bc6 17. Rhe1 Bg7 18. Nb4 fxe4 19. Bxe4 Bxe4 20. Rxe4
Kd7 21. Nd3 Bf6 22. Rde1 h5 23. Nb4 Rc5 24. Nd3 Rb5 25. Rb4 Rxb4 26. Nxb4 h4 27.
Rg1 Bd4 28. Rg2 e6 29. g4 h3 0-1

[Event "AUTO-ADV-3531"]
[Site "http://www.queenalice.com/game.php?id=1431370"]
[Date "2016.7.12"]
[Round "2"]
[White "decoxadrez"]
[Black "Paulsains"]
[Result "1-0"]
[WhiteElo "1991"]
[BlackElo "1863"]

1. e4 e5 2. Nf3 Nf6 3. Nxe5 d6 4. Nf3 Nxe4 5. d4 Be7 6. Bd3 Nf6 7. O-O O-O 8.
Nc3 Bg4 9. h3 Be6 10. Be3 Nbd7 11. d5 Nxd5 12. Nxd5 Bxd5 13. Bxh7+ Kxh7 14. Qxd5
c6 15. Qd3+ Kg8 16. Rad1 Nf6 17. Ng5 g6 18. f4 Nh7 19. Nxh7 Kxh7 20. f5 Bg5 21.
fxg6+ fxg6 22. Rxf8 Bxe3+ 23. Qxe3 Qxf8 24. Rf1 Qg7 25. Qe6 Qd4+ 26. Kh1 b5 27.
Qe7+ Kh6 28. Rf7 Rh8 29. Qxa7 Qxb2 30. Qe3+ Kh5 31. Qf3+ Kh6 32. Qf4+ g5 33.
Rf6+ 1-0

[Event "AUTO-ADV-3531"]
[Site "http://www.queenalice.com/game.php?id=1431371"]
[Date "2016.7.12"]
[Round "2"]
[White "Paulsains"]
[Black "decoxadrez"]
[Result "1-0"]
[WhiteElo "1881"]
[BlackElo "2014"]

1. e4 e5 2. Nf3 Nc6 3. Be2 Nf6 4. d3 d5 5. Bg5 dxe4 6. Bxf6 Qxf6 7. dxe4 Qg6 8.
Nh4 Qxe4 9. Nf3 Bc5 10. Nc3 Qg6 11. Nh4 Qf6 12. Nf3 O-O 13. O-O Be6 14. Ne4 Qe7
15. a3 Rad8 16. Bd3 Bg4 17. h3 Bh5 18. g4 Bg6 19. Re1 h6 20. Qe2 f5 21. Nxc5
Qxc5 22. Nxe5 Rde8 23. Nd7 Qd5 24. Bc4 Rxe2 25. Bxd5+ Bf7 26. Rxe2 Bxd5 27. Nxf8
Kxf8 28. gxf5 Kf7 29. Re3 Kf6 30. Rae1 Kxf5 31. b3 Nd4 32. Re5+ 1-0